Baviera, Austria, Sajonia: photographs scottish scenery

Kaydedildi:
Detaylı Bibliyografya
Materyal Türü: Kitap
Dil:İngilizce
Baskı/Yayın Bilgisi: s.n 1900
Konular:
Etiketler: Etiketle
Etiket eklenmemiş, İlk siz ekleyin!

MARC

LEADER 00000nam a2200000 a 4500
001 UCY4250
003 CL-VaPUC
008 950306e19000000GW |||||||||||||||||eng|d
082 0 4 |a 709.43  |b BAV  |2 21 
245 1 0 |a Baviera, Austria, Sajonia: photographs scottish scenery 
300 |a v 
942 |c BK 
945 |d 19950306 00:00:00  |a mfernand 
260 |b s.n  |c 1900 
500 |a v.10: Fotografía de arquitectura, pinturas, esculturas 
650 0 |a Arte  |9 265238 
650 0 |a Fotografía  |9 268495 
651 7 |a BAVIERA  |2 CL-VaPUC  |9 332646 
651 0 |a Alemania  |9 255688 
651 7 |a AUSTRIA  |2 CL-VaPUC  |9 266851 
651 7 |a SAJONIA  |2 CL-VaPUC  |9 332647 
583 |a last modification  |c 20130307 08:29:37  |k Rodrigo Vera 
999 |c 232153  |d 232151 
952 |0 0  |1 0  |4 0  |6 709_430000000000000_BAV_1900  |7 0  |8 F  |9 236239  |a BIBARQ  |b BIBARQ  |d 2019-11-15  |i 3062082  |o 709.43 BAV 1900  |p 3062082  |r 2025-01-20  |w 2019-11-15  |y BK_F  |k ARQ